[Event "Mexico City Garritas 09th"]
[Site "Mexico City"]
[Date "2014.09.06"]
[Round "2"]
[White "Hidalgo Morales, Juan"]
[Black "Martinez Perez, Juan Carlos"]
[Result "0-1"]
[WhiteElo "1802"]
[BlackElo "1453"]
[PlyCount "192"]
[EventDate "2014.09.05"]
[EventType "swiss"]
[EventRounds "5"]
[EventCountry "MEX"]
[SourceTitle "EXT 2018"]
[Source "ChessBase"]
[SourceDate "2017.10.13"]
[SourceVersion "1"]
[SourceVersionDate "2017.10.13"]
[SourceQuality "1"]

1. e4 c5 2. Nf3 Nc6 3. Bb5 g6 4. d4 cxd4 5. Nxd4 Bg7 6. Be3 Nf6 7. Nc3 Qc7 8. 0-0 0-0 9. Qe2 a6 10. Ba4 Nxe4 11. Nxe4 Nxd4 12. Qd3 Nc6 13. c3 d6 14. f4 Bf5 15. Bc2 Rad8 16. Qe2 h5 17. h3 Qc8 18. Kh2 Na5 19. Rad1 Nc4 20. Bc1 d5 21. Ng3 Bxc2 22. Qxc2 e6 23. Qf2 Nd6 24. Rfe1 Qc7 25. Kh1 h4 26. Ne2 Nf5 27. Be3 Nxe3 28. Qxe3 e5 29. fxe5 Bxe5 30. Rf1 Rde8 31. Qf3 Rd8 32. Nd4 Qd7 33. Rfe1 Bg3 34. Re2 Rfe8 35. Red2 Re1+ 36. Rxe1 Bxe1 37. Re2 Bg3 38. Qe3 Qa4 39. b3 Qa3 40. Nf3 Qd6 41. Qe7 Rd7 42. Qxd6 Rxd6 43. Re8+ Kg7 44. Re7 b5 45. Nd4 Rf6 46. Nf3 Re6 47. Rxe6 fxe6 48. Kg1 Kf6 49. Kf1 e5 50. Ke2 g5 51. Ke3 Kf5 52. Ke2 g4 53. hxg4+ Kxg4 54. Nd2 Bf4 55. Nf1 e4 56. a3 Bc1 57. a4 bxa4 58. bxa4 Kf4 59. Kd1 Ba3 60. Kd2 Bc5 61. Ke2 Bb6 62. Kd2 Ba5 63. Kc2 Kg4 64. Kb3 Kf5 65. Kc2 Kg4 66. Kb3 h3 67. gxh3+ Kxh3 68. Ne3 Kg3 69. Nxd5 Kf3 70. c4 e3 71. Nxe3 Kxe3 72. c5 Kd4 73. c6 Kc5 74. c7 Bxc7 75. Ka3 Bd6 76. Kb3 Kb6 77. Kc4 Ka5 78. Kb3 Bf8 79. Ka2 Kxa4 80. Kb2 Kb4 81. Ka2 Kc3 82. Kb1 Kb3 83. Ka1 Bg7+ 84. Kb1 a5 85. Kc1 a4 86. Kb1 a3 87. Kc1 a2 88. Kd1 a1Q+ 89. Kd2 Qd4+ 90. Ke2 Bh6 91. Kf3 Bg5 92. Kg3 Qf4+ 93. Kh3 Qf3+ 94. Kh2 Bf4+ 95. Kg1 Qe2 96. Kh1 Qh2# 0-1

[Event "Mexico City Garritas 09th"]
[Site "Mexico City"]
[Date "2014.09.06"]
[Round "3"]
[White "Martinez Perez, Juan Carlos"]
[Black "Lopez Raygoza, Luis Alberto"]
[Result "1-0"]
[WhiteElo "1453"]
[BlackElo "2104"]
[PlyCount "151"]
[EventDate "2014.09.05"]
[EventType "swiss"]
[EventRounds "5"]
[EventCountry "MEX"]
[SourceTitle "EXT 2018"]
[Source "ChessBase"]
[SourceDate "2017.10.13"]
[SourceVersion "1"]
[SourceVersionDate "2017.10.13"]
[SourceQuality "1"]

1. d4 Nf6 2. c4 e6 3. Nc3 Bb4 4. a3 Bxc3+ 5. bxc3 d6 6. e3 Nbd7 7. Bd3 e5 8. Ne2 0-0 9. Ng3 Re8 10. 0-0 c5 11. Bb2 b6 12. e4 Nf8 13. Qc2 Ng6 14. Rfe1 Bb7 15. Rad1 Qc7 16. Bc1 Rac8 17. d5 Rb8 18. Bf1 Bc8 19. a4 h6 20. f3 Bd7 21. Ne2 Rec8 22. f4 exf4 23. Nxf4 Ne5 24. Re3 Qd8 25. Rg3 Kh7 26. Be2 Qe8 27. Rf1 Bxa4 28. Qb1 b5 29. Nh5 Nxh5 30. Bxh5 bxc4 31. Qa2 Rc7 32. Qd2 Qf8 33. Qf4 f5 34. exf5 Qf6 35. Rg6 Nxg6 36. fxg6+ Kg8 37. Qxf6 gxf6 38. Bxh6 Bc2 39. Rxf6 Bd3 40. h3 Rd8 41. Rf7 Bxg6 42. Rxc7 Bxh5 43. Rxa7 Bf7 44. Bg5 Re8 45. Rd7 Bxd5 46. Rd8 Rxd8 47. Bxd8 Kf7 48. Kf2 Be4 49. Bb6 Kf6 50. g3 Bg6 51. Ke3 Ke5 52. Bc7 Bf5 53. g4 Be6 54. Bd8 d5 55. Bc7+ Kf6 56. Kf4 d4 57. cxd4 c3 58. Be5+ Kg6 59. dxc5 c2 60. Bb2 Bd5 61. h4 Be6 62. h5+ Kh6 63. Bc1 Kh7 64. g5 Bc8 65. c6 Be6 66. c7 Bc8 67. g6+ Kh6 68. Kg3+ Kg7 69. Kh4 Kf6 70. Bb2+ Ke7 71. g7 Kf7 72. h6 Kg8 73. Kg5 Be6 74. Kf6 Bc8 75. Ke7 Bg4 76. Kd8 1-0

[Event "Mexico City Garritas-B 01st"]
[Site "Mexico City"]
[Date "2014.01.22"]
[Round "5"]
[White "Luna Javier, Edgar Froylan"]
[Black "Martinez Perez, Juan Carlos"]
[Result "1-0"]
[WhiteElo "1877"]
[BlackElo "1461"]
[PlyCount "97"]
[EventDate "2014.01.20"]
[EventType "tourn"]
[EventRounds "5"]
[EventCountry "MEX"]
[SourceTitle "EXT 2018"]
[Source "ChessBase"]
[SourceDate "2017.10.13"]
[SourceVersion "1"]
[SourceVersionDate "2017.10.13"]
[SourceQuality "1"]

1. d4 d5 2. Nf3 Nf6 3. g3 c6 4. Bg2 Bf5 5. c4 e6 6. 0-0 Bd6 7. Nc3 Nbd7 8. Nd2 e5 9. dxe5 Bxe5 10. cxd5 0-0 11. dxc6 bxc6 12. Nc4 Bxc3 13. bxc3 Nb6 14. Ne5 Qxd1 15. Rxd1 Rad8 16. Ba3 Rxd1+ 17. Rxd1 Re8 18. Bxc6 Rc8 19. Be7 Ne8 20. Rd8 Rxd8 21. Bxd8 Nd6 22. Bxb6 axb6 23. Bd5 Kf8 24. f3 f6 25. Nd3 Ke7 26. e4 Bc8 27. Nb4 b5 28. Kf2 Nc4 29. Bxc4 bxc4 30. Ke3 Kd6 31. Kd4 Be6 32. Nd5 Bh3 33. Ne3 Be6 34. Nxc4+ Kc6 35. a4 h5 36. h4 g6 37. f4 Bg4 38. Ne3 Bd7 39. Nd5 Kd6 40. a5 f5 41. e5+ Kc6 42. Ne7+ Kb5 43. Nxg6 Kxa5 44. Kc5 Ka6 45. Kd6 Be8 46. Ne7 Kb7 47. Nxf5 Kc8 48. e6 Bg6 49. Ne7+ 1-0

[Event "Mexico City Garritas-B 01st"]
[Site "Mexico City"]
[Date "2014.01.22"]
[Round "4"]
[White "Martinez Perez, Juan Carlos"]
[Black "Alarcon Morales, Alicia"]
[Result "0-1"]
[WhiteElo "1461"]
[BlackElo "1584"]
[PlyCount "80"]
[EventDate "2014.01.20"]
[EventType "tourn"]
[EventRounds "5"]
[EventCountry "MEX"]
[SourceTitle "EXT 2018"]
[Source "ChessBase"]
[SourceDate "2017.10.13"]
[SourceVersion "1"]
[SourceVersionDate "2017.10.13"]
[SourceQuality "1"]

1. d4 d5 2. c4 dxc4 3. e4 Nf6 4. Nc3 e6 5. Bxc4 a6 6. Nf3 b5 7. Bd3 c5 8. e5 cxd4 9. exf6 dxc3 10. 0-0 Nd7 11. Be4 Rb8 12. Bf4 cxb2 13. Bxb8 bxa1R 14. Qxa1 Qxf6 15. Qxf6 Nxf6 16. Bc6+ Bd7 17. Bb7 Bc5 18. Rc1 Ke7 19. Bc7 Bd6 20. Ne5 Bxc7 21. Rxc7 Kd6 22. Rxd7+ Nxd7 23. Nxf7+ Kc7 24. Nxh8 Kxb7 25. Nf7 Kb6 26. Ng5 Nf8 27. Kf1 Kc5 28. Ke2 Kb4 29. Kd3 Ka3 30. Ne4 Kxa2 31. Kc2 b4 32. Nc5 a5 33. Na4 Nd7 34. f4 Ka3 35. Nb2 Nb6 36. Kb1 Kb3 37. Nd3 Nc4 38. Nc5+ Kc3 39. Nxe6 Nd2+ 40. Ka1 b3 0-1

[Event "Mexico City Garritas-B 01st"]
[Site "Mexico City"]
[Date "2014.01.21"]
[Round "2"]
[White "Lopez Raygoza, Luis Alberto"]
[Black "Martinez Perez, Juan Carlos"]
[Result "1-0"]
[WhiteElo "2057"]
[BlackElo "1461"]
[PlyCount "32"]
[EventDate "2014.01.20"]
[EventType "tourn"]
[EventRounds "5"]
[EventCountry "MEX"]
[SourceTitle "EXT 2018"]
[Source "ChessBase"]
[SourceDate "2017.10.13"]
[SourceVersion "1"]
[SourceVersionDate "2017.10.13"]
[SourceQuality "1"]

1. d4 d5 2. c4 c6 3. Nf3 Nf6 4. Nc3 e6 5. Bg5 dxc4 6. e4 b5 7. e5 h6 8. Bh4 g5 9. Bg3 Nd5 10. Nd2 Bb4 11. Nde4 0-0 12. Qh5 Bxc3+ 13. bxc3 Nxc3 14. Nxc3 Qxd4 15. Rc1 b4 16. Ne2 Rd8 1-0

[Event "Mexico Coyoacan"]
[Site "Mexico City"]
[Date "2013.05.25"]
[Round "2"]
[White "Alarcon Morales, Elvira"]
[Black "Martinez Perez, Juan Carlos"]
[Result "1-0"]
[WhiteElo "1804"]
[BlackElo "1424"]
[PlyCount "83"]
[EventDate "2013.05.26"]
[EventType "tourn"]
[EventRounds "5"]
[EventCountry "MEX"]
[SourceTitle "EXT 2018"]
[Source "ChessBase"]
[SourceDate "2017.10.13"]
[SourceVersion "1"]
[SourceVersionDate "2017.10.13"]
[SourceQuality "1"]

1. e4 e5 2. Nf3 d6 3. d4 f5 4. Nc3 fxe4 5. Nxe4 d5 6. Ng3 e4 7. Ne5 Nf6 8. c4 c6 9. c5 Be7 10. Be2 0-0 11. 0-0 Be6 12. Bd2 Nbd7 13. Nxd7 Qxd7 14. b4 Rf7 15. a4 Raf8 16. h3 e3 17. Bxe3 Bxh3 18. gxh3 Qxh3 19. Bf3 Ne4 20. Bg2 Qh4 21. Nxe4 dxe4 22. Qc2 Rf3 23. Rfd1 Qg4 24. Kf1 Rg3 25. Qxe4 Qxe4 26. Bxe4 Rxe3 27. Bg2 Bh4 28. Ra2 Rb3 29. b5 Rf6 30. d5 Rb4 31. dxc6 bxc6 32. Bxc6 Rbf4 33. Rdd2 Bg5 34. Rdc2 Rxc6 35. bxc6 Rf6 36. Rab2 Rxc6 37. Rb8+ Kf7 38. Rb7+ Kf8 39. Rxa7 h6 40. Rb7 Bd8 41. Rb8 Ke7 42. Re2+ 1-0

[Event "Capablanca Memorial op-B 48th"]
[Site "Havana"]
[Date "2013.04.27"]
[Round "6"]
[White "Martinez Perez, Juan Carlos"]
[Black "Villar Alonso, Javier"]
[Result "0-1"]
[WhiteElo "1424"]
[BlackElo "1935"]
[PlyCount "56"]
[EventDate "2013.04.21"]
[EventType "swiss"]
[EventRounds "9"]
[EventCountry "CUB"]
[SourceTitle "CBM 154 Extra"]
[Source "ChessBase"]
[SourceDate "2013.06.25"]
[SourceVersion "2"]
[SourceVersionDate "2013.06.25"]
[SourceQuality "1"]

1. d4 Nf6 2. c4 c5 3. d5 b5 4. cxb5 a6 5. bxa6 Bxa6 6. Nc3 d6 7. Nf3 g6 8. e4 Bxf1 9. Kxf1 Bg7 10. Qe2 0-0 11. e5 dxe5 12. Nxe5 Nxd5 13. Bd2 e6 14. g3 Qd6 15. Nc4 Qc6 16. f3 Na6 17. Ne5 Qc7 18. f4 Nab4 19. Nb5 Qb7 20. Kf2 Bxe5 21. fxe5 f6 22. Bh6 fxe5+ 23. Bxf8 Rxf8+ 24. Kg1 c4 25. Qxe5 Qxb5 26. Qxe6+ Rf7 27. Rf1 Qc5+ 28. Rf2 Qxf2# 0-1

[Event "Capablanca Memorial op-B 48th"]
[Site "Havana"]
[Date "2013.04.25"]
[Round "5"]
[White "Dayan Sutton, Isaac"]
[Black "Martinez Perez, Juan Carlos"]
[Result "0-1"]
[WhiteElo "1971"]
[BlackElo "1424"]
[PlyCount "112"]
[EventDate "2013.04.21"]
[EventType "swiss"]
[EventRounds "9"]
[EventCountry "CUB"]
[SourceTitle "CBM 154 Extra"]
[Source "ChessBase"]
[SourceDate "2013.06.25"]
[SourceVersion "2"]
[SourceVersionDate "2013.06.25"]
[SourceQuality "1"]

1. e4 c5 2. Nf3 Nc6 3. d4 cxd4 4. Nxd4 Nf6 5. Nc3 e5 6. Ndb5 d6 7. Bg5 a6 8. Na3 b5 9. Nd5 Qa5+ 10. Bd2 Qd8 11. Bg5 Qa5+ 12. Bd2 Qd8 13. Nxf6+ Qxf6 14. c4 b4 15. Bxb4 Nxb4 16. Qa4+ Bd7 17. Qxb4 Be7 18. Qc3 0-0 19. Be2 Qg6 20. Bf3 f5 21. exf5 Bxf5 22. Bxa8 Rxa8 23. 0-0 Bg5 24. Rfe1 Bf4 25. Rad1 Re8 26. Nb1 e4 27. Re3 Qh5 28. Rde1 Qxh2+ 29. Kf1 Qh1+ 30. Ke2 Bg4+ 31. Kd2 Qxg2 32. Kc2 Qxf2+ 33. Nd2 Bxe3 34. Rxe3 d5 35. c5 Rd8 36. Qd4 Qf6 37. Kc3 Qxd4+ 38. Kxd4 Kf7 39. b4 h5 40. Nf1 Rb8 41. Rb3 g6 42. Ne3 Bf3 43. Kxd5 Rd8+ 44. Ke5 Rd3 45. Kf4 Rxb3 46. axb3 Ke6 47. Nc2 Kf6 48. Nd4 g5+ 49. Kg3 h4+ 50. Kf2 g4 51. b5 axb5 52. Nxb5 g3+ 53. Ke3 g2 54. Kf2 e3+ 55. Kg1 e2 56. Kf2 e1Q+ 0-1